| 000 | 01072cam a2200301 a 4500 | ||
|---|---|---|---|
| 003 | CHAP | ||
| 005 | 20220329142136.0 | ||
| 008 | 000105q1999 cu a r 00010 spa d | ||
| 010 | _a79117 | ||
| 011 | _a80089 | ||
| 020 | _a9597111012 | ||
| 035 | _a90531 | ||
| 040 | _cCHAP | ||
| 082 | 0 | 4 |
_a635.72 _bI58 |
| 110 |
_aInstituto de Investigaciones Hortícolas Liliana Dimitrova. La Habana, Cuba _959148 |
||
| 245 | 1 | 0 |
_aMemorias 25 aniversario : _bnoviembre de 1997 _c/por Instituto de Investigaciones Hortícolas Liliana Dimitrova |
| 260 |
_aLa Habana, Cuba : _bInstituto de Investigaciones Hortícolas Liliana Dimitrova, _c199? |
||
| 300 |
_a98 p. : _bilus. |
||
| 590 |
_aBATCH-UPD _b10 _c20130110 _lUCH01 _h0127 |
||
| 590 |
_aBATCH-UPD _b10 _c20130409 _lUCH01 _h2121 |
||
| 590 |
_aBATCH-UPD _b10 _c20130914 _lUCH01 _h1624 |
||
| 590 |
_aCONVERSION _b10 _c20130109 _lUCH01 _h1344 |
||
| 650 | 1 | 4 |
_aHorticultura _xInvestigación. _956343 |
| 901 | _aBK | ||
| 905 | _aLilia Sánchez G. | ||
| 942 | _cLIBRO | ||
| 949 |
_a635.72 I58 _bBC _cLIBRO _d33724000748869 _eLIBRO _h97146 _i90531 _sb |
||
| 999 |
_c79117 _d79117 |
||